Sudden Death Knicks Players - Statistics

General Stats
  • This quiz has been taken 81 times
  • The average score is 9 of 9
Answer Stats
Question Tile Select % Correct
Click Players Who Have Played For Knicks LeBron James No
100%
Click Players Who Have Played For Knicks Michael Jordan No
100%
Click Players Who Have Played For Knicks Jalen Brunson Yes
98%
Click Players Who Have Played For Knicks Kyrie Irving No
98%
Click Players Who Have Played For Knicks Patrick Ewing Yes
98%
Click Players Who Have Played For Knicks Donte Divencenzo Yes
92%
Click Players Who Have Played For Knicks Jericho Sims Yes
92%
Click Players Who Have Played For Knicks John Stockton No
92%
Click Players Who Have Played For Knicks Kristaps Porzingis Yes
89%
No matching quizzes found
Score Distribution
Percent of People with Each Score
Percentile by Number Answered
Your Score History
You have not taken this quiz